000 00902nam a2200265 u 4500
001 000046598
003 DO-SdBNP
005 20240226141827.0
008 170124s1986 sp a r 000 0 spa d
020 _a8476348207
040 _aDO-SdBNP
_bspa
_cBNPHU
082 _a843.8
_bV531v
100 1 _aVerne, Julio,
_d1828-1905
_91073
240 1 0 _aVoyage au centre de la terre.
_lEspañol
245 1 0 _aViaje al centro de la tierra /
_cJulio Verne ; traducción A. Ribot y Fontseré.
260 _aBarcelona :
_bEdiciones Orbis,
_c1986.
300 _a256 p. :
_bil. ;
_c20 cm.
490 1 _v11
500 _aTraducción de: Voyage au centre de la terre. Grabados de la edición original de Hetzel
650 4 _aNovela juvenil francesa
_974576
650 4 _aLiteratura juvenil francesa
_974577
700 1 2 _aRibot y Fontseré, Antonio
_974578
830 0 _aJulio Verne
_v11
_974579
942 _2ddc
_cLBS1
999 _c46087
_d46087